| 000 | 00344nam a2200145Ia 4500 | ||
|---|---|---|---|
| 003 | OSt | ||
| 008 | 191201s2013 xx 000 0 und d | ||
| 082 |
_a681.2 _bKUM |
||
| 100 | _aKUMAR, D.S. | ||
| 245 | 0 | _aMechanical Measurements & Control | |
| 260 |
_aNew Delhi _bMetropolitan _c2013 |
||
| 300 | _a772 | ||
| 650 | _aB.Tech(ME) | ||
| 942 |
_2ddc _cBK |
||
| 999 |
_c6414 _d6414 |
||